| 000 | 00557nam a2200193Ia 4500 | ||
|---|---|---|---|
| 003 | OSt | ||
| 005 | 20260410113524.0 | ||
| 008 | 210210b1969 xxu||||| |||| 00| 0 eng d | ||
| 040 | _cAL | ||
| 041 | _aKannada | ||
| 082 | _a294.4K KAIJ | ||
| 100 |
_aKAILASHACHANDRA SHASTHRI. _dಕೈಲಾಶಚಂದ್ರ ಶಾಸ್ತ್ರಿ _9261334 |
||
| 245 |
_aJaina dharma. _bಜೈನ ಧರ್ಮ |
||
| 260 |
_aSollapura. _bJaina Samskrathi Samrakshaka Sangha., _c1969 |
||
| 300 | _ax,457 | ||
| 690 |
_aJainism _9261335 |
||
| 906 | _a028847 | ||
| 942 |
_2ddc _cBK |
||
| 999 |
_c80081 _d80081 |
||